Spelling Quiz #2 - Statistics

General Stats
  • This quiz has been taken 241 times
  • The average score is 9 of 12
Answer Stats
Question Answer % Correct
Brocoli Broccoli
92%
Asasin Assassin
85%
Defenetely Definitely
81%
Exma Eczema
81%
Miselanous Miscellaneous
81%
Terarium Terrarium
81%
Vinette Vignette
81%
Aquiesent Acquiescent
75%
Chiuaua Chihuahua
75%
Concience Conscience
73%
Conundrem Conundrum
65%
Questionare Questionnaire
65%
No matching quizzes found
Score Distribution
Percent of People with Each Score
Percentile by Number Answered
Your Score History
You have not taken this quiz